| 000 | 01548nam a22002297a 4500 | ||
|---|---|---|---|
| 999 |
_c60397 _d60397 |
||
| 003 | Ge_BSU | ||
| 005 | 20230711172645.0 | ||
| 008 | 230711s1998ge xxu||||| |||| 00| 0 geo d | ||
| 020 | _a9992865342 | ||
| 041 | _ageo | ||
| 080 | _a003.341+ 94(38) გ-70 | ||
| 100 |
_aგორდეზიანი, ლევან, ავტ. _919249 |
||
| 245 |
_aმიკენური საბერძნეთი B- ხაზოვანი ტექსტების შუქზე / _cლევან გორდეზიანი ; [რედ. გიორგი მელიქიშვილი] |
||
| 264 |
_aთბილისი : _bლოგოსი, _c1998. |
||
| 300 |
_a52 გვ. ; _b20 სმ. |
||
| 440 |
_aპროგრამა "ლოგოსი" : პუბლიკაციები და ღონისძიებები კლასიკური ფილოლოგიის, ბიზანტინისტიკისა და ნეოგრეცისტიკის სფეროში _93642 |
||
| 504 | _aბიბლიოგრ.: გვ. 47-52. | ||
| 653 | _aძველი საბერძნეთის ისტორია. ძველი ბერძნული დამწერლობა. | ||
| 700 |
_a მელიქიშვილი, გიორგი _919250 |
||
| 710 |
_a თსუ, კლასიკური ფილოლ., ბიზანტინისტიკისა და ნეოგრეცისტიკის ინ-ტი. _919251 |
||
| 942 |
_2udc _cBK |
||